00774nam a2200169Ia 4500008004100000020001800041041000800059082001700067100001900084245025500103250000600358260003900364300001200403650003800415999001900453952013200472210716s2017 xx 000 0 und d a9781785881923 aeng a004.607 FRIM aFrisbie, Matt. aAngular 2 cookbook: discover over 70 recipes that provide the solutions you need to know to face every challenge in angular 2 head on.bDiscover over 70 recipes that provide the solutions you need to know to face every challenge in angular 2 head on. a1 aMumbaibPackt Publishing Ltdc2017 axvi,436 aHTML & XDHTML,Javascript, perlCEL c196788d196788 001040708MCAaAIMITbAIMITeKnowledge Worldg1199.00l0o004.607 FRIMpMCA16303r2025-07-21 00:00:00v899.25w2021-07-16yBK